000 00600nam a2200193Ia 4500
003 OSt
005 20200706150908.0
008 190216s9999||||xx |||||||||||||| ||und||
020 _a9780195606867
040 _coclc
082 _a954.802
_bSAS/H
100 _aSastri, K A Nilakanta
_93026
245 0 _aA History Of South India :
_bFrom Prehistoric Times to the Fall Of Vijayanagar /
_cK A Nilakanta Sastri
250 _a4th Ed.
260 _bOxford & I B H,
_c2011.
_aNew Delhi:
300 _a481p
650 _aHistory
942 _cBK
_2ddc
_h954.802
_iSAS/H
_k954.802
_mSAS/H
999 _c21472
_d21472